MDQL
is popping MORE tags! Check the
thread
!
Quizzes
Events
Quiz Creation
Community
Videos
Private Events
Remove Ads
Sign In
Join for FREE
Feedback
Dark Mode
Quiz Categories
Sports
Geography
Music
Movies
Television
Just For Fun
Miscellaneous
History
Literature
Language
Science
Gaming
Entertainment
Religion
Holiday
For Kids
Quiz Lab
Recent
Popular Today
Quiz Kudos Today
Editor Picks
Curator Picks
Quizzes by...
Day
Popularity
Type
Ratings
Length
Year
Community
Subscriptions
Recent Discussions
Orange Saloon
Badges
Playlists
Quests
Create
Leaderboards
Showdown
Live 5
Trivia Bingo
Activity
Puzzle Library
Sporcle Events
Private Events
Virtual Trivia
Globe League
Become a Host
Pub Owners
SporcleCon
Opinionation
Our Games
Videos
Blog
Mobile Apps
Partnerships
Remove Ads and Go Orange
Feedback
Sports
Athletes
MLB
NBA
NHL
NFL
Soccer
Sports Teams
WWE
NCAA
Football
Premier League
Basketball
Baseball
Hockey
Golf
Tennis
Cricket
Rugby
Auto Racing
Olympics
World Cup
Sports
Athletes
MLB
NBA
NHL
NFL
Soccer
Sports Teams
WWE
NCAA
Football
Premier League
Basketball
Baseball
Hockey
Golf
Tennis
Cricket
Rugby
Auto Racing
Olympics
World Cup
Random Quiz
Search Sporcle
×
Quiz Lab
Quiz Lab
Sports
World
Type in answers that appear in a list
Type in answers that appear in a list
Classic
Best Score? Go Orange.
First World Series Lineup Stats
Can you name the starting lineup of Game 1 of 1903 World Series between the Boston Americans and Pittsburgh Pirates?
By
GeoExpert
2m
18 Questions
157 Plays
157 Plays
157 Plays
Comments
Comments
Give Quiz Kudos
Give Quiz Kudos
-
- Ratings
hide this ad
More Info
Replay
Link that replays current quiz
Next Quiz
Link to next quiz in quiz playlist
You Got
0%
They Got
Avg Score
32%
Avg Friend Score
Upgrade to see
Score Distribution
Jump to the score distribution portion of the page
Score
0/18
Timer
02:00
0
Plays Today
Team
Player
% Correct
Pittsburgh Pirates
Honus Wagner
96.2%
Boston Americans
Cy Young
71.3%
Pittsburgh Pirates
Fred Clarke
59.9%
Pittsburgh Pirates
Deacon Phillippe
44.6%
Pittsburgh Pirates
Tommy Leach
41.4%
Pittsburgh Pirates
Ginger Beaumont
36.3%
Boston Americans
Jimmy Collins
30.6%
Boston Americans
Chick Stahl
24.2%
Boston Americans
Buck Freeman
23.6%
Team
Player
% Correct
Pittsburgh Pirates
Claude Ritchey
22.9%
Boston Americans
Patsy Dougherty
19.7%
Pittsburgh Pirates
Kitty Bransfield
18.5%
Pittsburgh Pirates
Jimmy Sebring
18.5%
Boston Americans
Freddy Parent
17.8%
Boston Americans
Lou Criger
16.6%
Boston Americans
Hobe Ferris
14.6%
Boston Americans
Candy LaChance
14%
Pittsburgh Pirates
Ed Phelps
11.5%
Quiz Playlist
Details
Report
Send in Message
Add To Playlist
More Info:
Lineup of Game One only. The Americans defeated the Pirates in eight games in the first non-exhibition World Series. The Pirates won Game One 7-3.
Classic:
Type in answers that appear in a list
Quiz Source
Last Updated: Feb 16, 2017
Quiz Scoreboard
CHALLENGE
Sign Up to Join the Scoreboard
Show All
Scores
Hide
Comments
May contain spoilers
Recently Published
Holiday 10x10 Sorting Gallery
by lukepisani3
Holiday
15m
Two Season TV Shows II
by 123Four
Television
10m
Image Sorting: Flags VI
by Barbecue
Geography
2m
More to Explore
Quiz From the Vault
Featured Blog Post
14 Easter Pick-up Lines to Find Eggs With
hide this ad
You Might Also Like...
Tags
World Quiz
1903
America
Between
Boston
lineup
pirate
pittsburgh
Pittsburgh Pirates
Player
position
Starting
team
Today's Top Quizzes in Sports
Browse Sports
hide this ad
Today's Top Quizzes in World
Browse World
Top Contributed Quizzes in Sports
1
Les meilleurs buteurs des matchs entre le PSG et l’OM
2
Les entraîneurs de l'OM et du PSG au 21e siècle
3
2022 World Cup Stars
4
Players with Multiple 50 Home Run Seasons
5
Les joueurs passés par le PSG et l'OM
6
FIFA Club World Cup Champions
7
Top 10 NHL Goal Scorers of All Time
8
Criteria MLB: Left Handed Sluggers
9
Les joueurs passés par le LOSC et le RC Lens
10
2023 MLB Unique Player Accomplishments
Explore More
Trending Topics
NBA
Kpop
Harry Potter
Crossword
Disney
Anime
Marvel
Pokémon
Puzzle
Soccer
Song
WWE
The Office
NFL
Country
hide this ad
More By:
GeoExpert
Quiz
Plays
Rating
Category
Featured
Created
Seven Ways to Reach First Base
1,086,499
4.16
Sports
Sep 9, 2009
Most Visited Cities
390,047
4.23
Geography
Sep 1, 2009
Top 20 Cities of Germany on a Map
324,583
4.70
Geography
Sep 6, 2009
Cities and Countries
311,425
4.28
Geography
May 29, 2009
Top 20 Cities of Spain on a Map
255,199
4.52
Geography
Aug 18, 2009
Go to Creator's Profile
Score Distribution
Quiz Creator Spotlight
GeoExpert
Follow
Send a Message
Quizzes Created
-
Created Quiz Play Count
-
More By This Creator
Popular Quizzes Today
1
Find the US States - No Outlines Minefield
2
Colored Red Africa Blitz
3
Find the 'City' Movie
4
The Countries of the World
5
Find the US States
6
5x2 Blitz: Bands
7
Find the Countries of Europe - No Outlines Minefield
8
US States
More Sports Quizzes
FC Barcelona's Number 1's
Curator's Pick
Trending Quizzes
Colored Red Europe Blitz I
Colored Red Europe Blitz II
Colored Red Africa Blitz II
Colored Red Europe Blitz III
Colored Red Africa Blitz III
Recently Updated
Odd Team Out - Big 4 Players
pecheneg
Quick Pick: 20 Twenties
pecheneg
March Madness Men's Triple Doubles
pecheneg
How Do You Spell That?
pecheneg
Godzilla Movies
pecheneg
Grab Bag: 4-10 Letters
pecheneg
2024 March Madness Bracket
pecheneg
Famous TV Couples
Peacemaker
Champions League XIs: Real Madrid
pecheneg
Largest US Cities 1790-2010
pecheneg
Trending Topics
Harry Potter
Disney
Crossword
NBA
Marvel
Kpop
Anime
Pokémon
WWE
Country
Song
Soccer
Puzzle
NFL
The Office
Your Account Isn't Verified!
In order to create a playlist on Sporcle, you need to verify the email address you used during registration. Go to your
Sporcle Settings
to finish the process.
Report this User
Report this user for behavior that violates our
Community Guidelines
.
Details:
Send Report
Go to the Sporcle.com Mobile Site →
Comments